03047cam a22004218i 4500999001700000001000900017003000900026005001700035008004100052020002500093040003300118043001200151082002400163100002800187245012300215250001900338264009500357300003700452336002600489337002800515338002700543500008300570500002300653504005100676505078200727520057301509650006002082650005602142650006102198650004902259653002502308655002402333700002702357700002602384906004502410942001202455952015802467 c28052d2802320155005EG-ScBUE20200212111034.0171127s2018 enkd f bd 001 0 eng d a9781138237759 (pbk.) aDLCbengerdacDLCdEG-ScBUE an-us---04a387.710973bVAS2221 aVasigh, Bijan,eauthor.10aIntroduction to air transport economics :bfrom theory to applications /cBijan Vasigh, Ken Fleming and Thomas Tacker. aThird Edition. 1aMilton Park, Abingdon, Oxon ;aNew York, NY :bRoutledge, Taylor and Francis Group,c2018. axx, 498 pages :bcharts ;c24 cm atextbtxt2rdacontent aunmediatedbn2rdamedia avolumebnc2rdacarrier aRevised edition of the authors' Introduction to air transport economics, 2013. aIncludes glossary. aIncludes bibliographical references and index.0 aAdvancement of the air transport industry -- Principles of economics with applications in the air transport industry -- Supply, demand and elasticity : analysis in the airline industry -- Cost and production analysis : the general concepts -- Aviation infrastructure : operations and ownership -- International economics and aviation -- Open skies and global alliances -- Competitive market structure and monopolistic markets -- Hybrid market structure and the aviation industry -- Forecasting in the air transport industry -- Dynamic pricing policy and revenue management -- Ultra-low-cost and low-cost airlines : paradigm shifts -- Economics of aviation safety and security -- List of abbreviations -- Glossary of terms -- Answers to selected questions and problems -- Index. aHere is a comprehensive textbook that applies economic theory to all aspects of the aviation industry. Extensively updated throughout, it features new coverage of macroeconomics for managers, expanded analysis of modern revenue management and pricing decisions, and also reflects developments that have occurred since the original's publication. Instructors will find this edition easier to use in class, and suitable for a wider variety of undergraduate or graduate course structures. Industry practitioners will find it more intuitively organized and user friendly.  7aAeronautics, CommercialzUnited StatesxFinance.2BUEsh 7aAirlinesxDeregulationzUnited States.2BUEsh97612 7aAirlineszUnited StatesxCost of operation.2BUEsh97612 7aAeronautics and statezUnited States.2BUEsh bBUSECOcFebruary2020 vReading book9342321 aFleming, Ken,eauthor.1 aTacker, Tom,eauthor. a7bcbccorignewd1eecipf20gy-gencatlg 2ddccBB 00102ddc40708BaccahaMAINbMAINc1STd2020-02-12ePurchaseg972.00h34026l0o387.710973 VASp000048646r2025-07-15 00:00:00v1215.00w2020-02-12yBB